Statistics for Hermione, Ron, or Harry: 3rd Book Edition

Click here to take the quiz!

General Stats

  • This quiz has been taken 52 times
  • The average score is 13 of 15

Answer Stats

QuestionAnswer% Correct
Whose godfather was Sirius Black?Harry Potter
100%
Who gets a cat?Hermione Granger
100%
Who did 12 classes?Hermione Granger
100%
Whose rat turned out to be Peter Pettigrew?Ron Weasley
100%
Who rode the Knight Bus?Harry Potter
98%
Who owns a Time-Turner?Hermione Granger
98%
Who hits Draco Malfoy for being mean about Buckbeak?Hermione Granger
96%
Who owns a Firebolt?Harry Potter
93%
Who wins the Quidditch Cup?Harry Potter
93%
Who goes to Egypt?Ron Weasley
93%
Who is not allowed to go to Hogsmeade?Harry Potter
91%
Who walked out of Divination?Hermione Granger
89%
Who gives Harry a Sneakoscope for his birthday?Ron Weasley
72%
Who gets an owl?Ron Weasley
70%
Who sees Sirius Black at night (not in Animagus form)?Ron Weasley
39%

Score Distribution

Percentile by Number Answered

Percent of People with Each Score

Your Score History

You have not taken this quiz